| 000 | 00631nam a22000977a 4500 | ||
|---|---|---|---|
| 008 | 160514b xxu||||| |||| 00| 0 eng d | ||
| 100 | _aTanggard, J.E. | ||
| 245 | _aHandbog og specialkatalog over Danmarks stalstukne frimaerker. 1933-1970 Bind I. | ||
| 260 |
_aHorsens, [Danmark] _bForlag ved Tom Plovst (Aarhus, [Danmark] Tryk Hanbergs Bogtrykkeri), _c1970 |
||
| 650 | _aDenmark | 1933-1970 | Plate Blocks and Numbers | Catalogs and Price Lists | Collecting | Guides and Handbooks | Production | Errors and Varieties | Plates and Plating | Printing | Paper | Luminescent and Tagged Issues | Essays and Proofs | Postal Rates | Bibliographies | ||
| 999 |
_c2005 _d2005 |
||